000 00746nam a2200229Ii 4500
003 JO-AjNU
008 230605s9999||||xx |||||||||||||| ||und||
017 _a2006/2/242
020 _a9957-460-08-0
040 _aJO-AjNU
_bara
_erda
_cJO-AjNU
041 _aara
050 1 4 _aTX911.3 2007
100 3 _aقمحية، وليد امين ,
_eauthor
_940283
245 0 0 _aالتخطيط والادارة في المطاعم وادارة تجهيز المطبخ
250 _aط1
264 3 1 _aعمان، دار الخزامى للنشر، 2007
300 _a162ص
336 _atext
_btxt
_2rdacontent
337 _aunmediated
_bn
_2rdamedia
338 _avolume
_bnc
_2rdacarrier
650 4 _aادارة الفنادق-الفنادق
_940284
999 _aA17081
_c20649
_d20649